Peces del llano / (Registro nro. 3095)

Detalles MARC
000 -CABECERA
Campo de control 01070cam a2200265 a 4500
005 - FECHA Y HORA DE LA ULTIMA TRANSACCION
Campo de control 20150922121423.0
008 - ELEMENTOS DE LONGITUD FIJA—INFORMACION GENERAL
Campo de control 970617s1996 ck a b 000 0 spa
020 ## - ISBN
ISBN 9589578314
040 ## - FUENTE DE CATALOGACIÓN
Agencia catalogadora original DLC
Agencia transcriptora DLC
Agencia Modificadora DLC
-- CO-BoIAVH
041 ## - IDIOMA
Código de idioma para texto/pista de sonido o título separado Español
044 ## - PAÍS DE PUBLICACIÓN
País de publicación Colombia
082 ## - NUMERO DE CLASIFICACION DECIMAL DEWEY
Número de clasificación 597.0723
Número del ítem S16p
100 2# - ASIENTO PRINCIPAL--NOMBRE PERSONAL
Nombre personal Salazar Saldarriaga, Patricia,
Fechas asociadas con el nombre 1966-
9 (RLIN) 39418
245 10 - MENCION DE TITULO
Título Peces del llano /
Mención de responsabilidad textos, Patricia Salazar Saldarriaga ; fotografía, Cristina Uribe Hurtado, Diego Miguel Garces.
250 ## - MENCION DE EDICION
Mención de edición 1a. edición
260 ## - PUBLICACION, DISTRIBUCION, ETC. (PIE DE IMPRENTA)
Lugar de publicación, distribución, etc. Bogotá (Colombia) :
Nombre del editor, distribuidor, etc. C. Uribe Editores,
Fecha de publicación, distribución, etc. 1996.
300 ## - DESCRIPCION FISICA
Extensión 101, [2] páginas :
Otros detalles físicos ilustraciones a color ;
Dimensiones 18 cm.
504 ## - NOTA DE BIBLIOGRAFIA, ETC.
Nota de bibliografía Incluye referencias bibliográficas (página 103).
650 #0 - ASIENTO SECUNDARIO DE MATERIA - TERMINO TEMATICO
Término temático o nombre geográfico como elemento de entrada Peces
Subdivisión geográfica Llanos (Colombia y Venezuela)
9 (RLIN) 39419
650 #0 - ASIENTO SECUNDARIO DE MATERIA - TERMINO TEMATICO
Término temático o nombre geográfico como elemento de entrada Peces
Subdivisión geográfica Llanos (Colombia y Venezuela)
Subdivisión general Taxonomía
9 (RLIN) 39420
650 #0 - ASIENTO SECUNDARIO DE MATERIA - TERMINO TEMATICO
Término temático o nombre geográfico como elemento de entrada Peces
Subdivisión geográfica Llanos (Colombia y Venezuela)
Subdivisión general Clasificación
9 (RLIN) 39421
650 #0 - ASIENTO SECUNDARIO DE MATERIA - TERMINO TEMATICO
Término temático o nombre geográfico como elemento de entrada Peces
Subdivisión geográfica Llanos (Colombia y Venezuela)
Subdivisión general Obras pictóricas.
9 (RLIN) 39422
700 1# - ASIENTO SECUNDARIO - NOMBRE PERSONAL
Nombre personal Uribe-Hurtado, Cristina
Fechas asociadas con el nombre Fotografía
9 (RLIN) 39423
942 ## - ELEMENTOS ADICIONALES (KOHA)
Sistema de clasificación Dewey Decimal Classification
Tipo de ítem Libro
Existencias
Withdrawn status Lost status Sistema de Clasificación Damaged status No para préstamo Colección Inventariado Ubicación Permanente Ubicación actual Fecha de adquisición Fuente de Valor Valor Total Checkouts Número topográfico Inventario / Código de Barras Date last seen Ejemplar Price effective from Forma de adquisición Tipo de material
    Dewey Decimal Classification     General Inventariado 2017 Bogotá Bogotá 05/03/2003 Instituto 39000.00   LB-597.0723 S16p 005122 10/01/2013 Ej. 1 04/12/2012 Compra Libro